Federal University Otuoke Journal of Management Sciences (Record no. 38191)

MARC details
000 -LEADER
fixed length control field 00473nam a2200169Ia 4500
022 ## - INTERNATIONAL STANDARD SERIAL NUMBER
ISSN 26353377
050 ## - CALL MARK
Classification number HD 28 .F43/
245 #0 - TITLE STATEMENT
Title Federal University Otuoke Journal of Management Sciences
260 ## - PUBLICATION, DISTRIBUTION, ETC. (IMPRINT)
Place of publication Bayelsa State, Nigeria
260 ## - PUBLICATION, DISTRIBUTION, ETC. (IMPRINT)
Name of publisher Silvertop Printing & Publishers
260 ## - PUBLICATION, DISTRIBUTION, ETC. (IMPRINT)
Year of publication 2021
300 ## - PHYSICAL DESCRIPTION
Number of Pages iv. 149 p. :ill. ; 28 cm.
650 ## - SUBJECT ADDED ENTRY--TOPICAL TERM
Topical Term Management--Periodicals.
942 ## - ADDED ENTRY ELEMENTS (KOHA)
Koha item type Serials

No items available.